| 000 | 00000nam 2200000zi 4500 |
| 001 | 9.913414 |
| 003 | CaOODSP |
| 005 | 20230105153112 |
| 006 | m o d f |
| 007 | cr cn||||||||| |
| 008 | 220715t20222022quc o f000 0 eng d |
| 020 | |a9780660445946 |
| 040 | |aCaOODSP|beng|erda|cCaOODSP |
| 043 | |an-cn--- |
| 086 | 1 |aEn4-476/2022E-PDF |
| 245 | 00|aClean fuel regulations : |bgeneric quantification method. |
| 264 | 1|aGatineau, QC : |bEnvironment and Climate Change Canada = Environnement et changement climatique Canada, |c2022. |
| 264 | 4|c©2022 |
| 300 | |a1 online resource (v, 39 pages) |
| 336 | |atext|btxt|2rdacontent |
| 337 | |acomputer|bc|2rdamedia |
| 338 | |aonline resource|bcr|2rdacarrier |
| 500 | |aCover title. |
| 500 | |aIssued also in French under title: Règlement sur les combustibles propres : méthode de quantification générique. |
| 500 | |a"Version 1.0." |
| 500 | |a"July 2022." |
| 650 | 0|aClimatic changes|xGovernment policy|zCanada. |
| 650 | 0|aCarbon dioxide mitigation|xGovernment policy|zCanada. |
| 650 | 0|aClean energy|zCanada. |
| 710 | 1 |aCanada. |bEnvironment and Climate Change Canada, |eissuing body. |
| 775 | 08|tRèglement sur les combustibles propres : |w(CaOODSP)9.913415 |
| 856 | 40|qPDF|s543 KB|uhttps://publications.gc.ca/collections/collection_2022/eccc/En4-476-2022-eng.pdf |
| 986 | |a22092 |